00394nam a2200145Ia 4500008004100000020001500041041001200056082001600068100001200084245008700096260002900183300000800212650001600220700001200236221030s9999 xx 000 0 und d a8176561800 aEnglish a105.23bJai aM. Jain 0a"O" Level Made Simple Module - III, Business Systems - Vol. Icby M. Jain, A. Jain bBPB PubaNew Delhic2000 a634 aBE Computer aA. Jain